000 02630nam a2200361 a 4500
001 000014667
003 OSt
005 20260429135248.0
008 100118t2007 dr c 001 mdspa d
020 _a9789945421262
040 _aDO-SdBNP
_bspa
_cBNPHU
049 _aBNPD
082 _aRD868.44
_bL296o, 2007
100 1 _aLantigua, José Rafael,
_d1949-
_91438
245 1 3 _aEl oficio de la palabra /
_cJosé Rafael Lantigua.
250 _a2ª ed.
260 _aSanto Domingo :
_bAmigo del Hogar,
_c2007.
300 _a237 p. :
_bretrs. ;
_c23 cm.
500 _aIncluye datos biográficos del autor en la solapa de la cubierta.
500 _aIncluye notas biobibliográficas de los autores entrevistados.
500 _aCompilación de entrevistas realizadas por el autor en la sección literaria "Biblioteca" del diario Última Hora.
505 0 _gIntroducción --
_tLos mejores intelectuales se forman en el exterior /
_rDiógenes Céspedes --
_tEl cuentista nace siendo cuentista /
_rVirgilio Díaz Grullón --
_tLa revolución poética debe ser radical /
_rJosé Mármol
_t"En literatura, como en boxeo, hay de todos los pesos" /
_rPlinio Apuleyo Mendoza --
_t"He leído El Quijote 21 veces" /
_rJuan Bosch --
_t"La literatura es selección y la mejor antología la hace el tiempo" /
_rMateo Morrison --
_t"No olvides que siempre estamos llegando a Pénjamo" /
_rEnriquillo Sánchez --
_t"Soy apenas un pastor que va despertando ovejas dormidas" /
_rRené Rodríguez Soriano --
_tAntes que libro mi obra fue una novela oral /
_rViriato Sención --
_tLa literatura está llena de coartadas /
_rAndrés L. Mateo --
_tEste mundo no sabe de poesía, pero le teme /
_rOded Sverdlik --
_tLa poesía es una flor, la novela es un pulpo /
_rMarcio Veloz Maggiolo --
_tHa sido la voz de los que no tienen voz /
_rMiguel Barnet --
_tFidel leía sobre política, nada de literatura y nunca versos /
_rJose Pardo LLada --
_tNo existe una literatura dominicana en New York /
_rJosé Carvajal --
_tF(r)icciones y confesiones /
_rAlexis Gómez Rosa --
_tEl amor es tan subversivo como la poesía /
_tSoledad Álvarez --
_gNotas bibliográficas --
_gApéndice.
650 4 _aAutores latinoamericanos
_xEntrevistas
_922867
650 4 _aAutores dominicanos
_xEntrevistas
_922868
650 0 _aLiteratura
_xHistoria y crítica
_9835
650 4 _aAutores en literatura
_922864
650 0 _aLiteratura dominicana.
_967
650 0 _aLiteratura
_xHistoria y crítica
_9835
650 4 _aDiarios dominicanos
_xSecciones, columnas, etc.
_944
730 0 _aÚltima Hora (República Dominicana)
_920930
910 _aValidado. Control de calidad EMS.
942 _2ddc
_cLBS1
999 _c14251
_d14251